| 000 | 00922nam a22003137a 4500 | ||
|---|---|---|---|
| 001 | 3967128 | ||
| 003 | OSt | ||
| 005 | 20140310181946.0 | ||
| 008 | 940415s1993 nyu 000 0 eng | ||
| 010 | _a 94146030 | ||
| 020 |
_a0590939556 _c$2.95 |
||
| 040 |
_aDLC _cDLC |
||
| 050 |
_aPZ 7 _b.St859b8 1997 |
||
| 082 |
_aKF _bSt5gp #8 |
||
| 100 | 1 |
_aStine, R. L. _93762 |
|
| 245 | 1 | 0 |
_aBe careful what you wish for... / _cR.L. Stine. |
| 260 |
_aNew York : _bScholastic Inc., _cc1993. |
||
| 300 |
_a121 p. ; _c20 cm. |
||
| 490 | 1 | _aGoosebumps | |
| 500 |
_aSource: Copyright deposit, Jan. 18, 1994. _5DLC |
||
| 541 | _j1 | ||
| 562 | _e1 | ||
| 710 | 2 |
_aScholastic Inc. _9960 |
|
| 710 | 2 |
_aCopyright Paperback Collection (Library of Congress) _5DLC _9705 |
|
| 800 | 1 |
_aStine, R. L. _tGoosebumps. _93908 |
|
| 906 |
_a7 _bcbc _corignew _du _encip _f19 _gy-gencatlg |
||
| 942 |
_2lcc _cBK-KF _kKF |
||
| 999 |
_c7775 _d7775 |
||